000 00572nam a2200181Ia 4500
003 GCL
008 140319s9999 xx 000 0 ara d
040 _aGCL /
_cGCL
082 0 4 _a891.7
_bج ر
100 1 _aجورج جرداق
245 1 0 _aرفيقى: قصة انسانية رائعة /
_cجورج جرداق
700 1 _aجوركى، ماكسيم
300 _a92 ص
490 _aالهيئة العامة للاستعلامات
_v0
650 0 4 _aالقصص الروسية المترجمة
650 0 4 _aالادب الروسى المترجم
942 _2ddc
_cBK
999 _c47449
_d47449